| 000 | 01057nam a2200265Ia 4500 | ||
|---|---|---|---|
| 003 | OSt | ||
| 005 | 20221005105219.0 | ||
| 006 | a|||||r|||| 00| 0 | ||
| 007 | ta | ||
| 008 | 221004b |||||||| |||| 00| 0 hin d | ||
| 020 |
_a9789381842218 (hbk) _cINR 399.00 |
||
| 024 | _a66021 | ||
| 037 |
_b299, 29/01/2020, Eastern Book Linkers _cTextual |
||
| 040 |
_aCRL _cCRL _bhin |
||
| 041 |
_2hin _ahin |
||
| 082 | _aQ4:g, 152Q4 | ||
| 100 |
_aमिश्र, जय नारायण, ले. _9167736 |
||
| 245 | 0 |
_aबौद्ध एवं नवबौद्ध _b तुलनात्मक अध्ययन |
|
| 246 | _aBauddha evan navabauddha: tulanātmak adhyayana | ||
| 260 |
_aनई दिल्ली _bआयुष्मान पब्लिकेषन हाउस भारत _c2014 |
||
| 300 |
_a106पृ0 _ccm. |
||
| 650 | _aबौद्ध धर्म | ||
| 942 |
_hQ4:g, 152Q4 _cTEXL _2cc |
||
| 999 |
_c1015147 _d1015147 |
||